[Event "COL-ch deaf (Women) 2nd"]
[Site "Cali"]
[Date "2008.10.26"]
[Round "3.1"]
[White "Varela Cantillo, Lili del Carmen"]
[Black "Marin, Ana Milena"]
[Result "1-0"]
[WhiteElo "1600"]
[BlackElo "1600"]
[PlyCount "38"]
[EventDate "2008.10.25"]
[EventType "swiss"]
[EventRounds "7"]
[EventCountry "COL"]
[SourceTitle "EXT 2024"]
[Source "ChessBase"]
[SourceDate "2023.10.10"]
[SourceVersion "1"]
[SourceVersionDate "2023.10.10"]
[SourceQuality "1"]

1. e4 e5 2. Nf3 Nf6 3. Nc3 Nc6 4. Bc4 d6 5. d3 Be6 6. Bxe6 fxe6 7. Bg5 Be7 8. Bxf6 Bxf6 9. Qd2 0-0 10. 0-0-0 Qe7 11. Kb1 d5 12. exd5 exd5 13. Nxd5 Qe6 14. Nxc7 Qc8 15. Nxa8 Qxa8 16. Rhe1 Qd8 17. Re4 Nd4 18. Nxd4 exd4 19. Qb4 Qe7 1-0